000
00334 a2200169 4500
001
187304
020
_a
85-322-4544-7
040
_c
Magnum
100
_a
Braz, Julio Emilio
240
1
0
_a
O riacho
_l
por
245
1
0
_a
O riacho
300
_a
23
362
0
_a
2001
440
1
_a
FTD
697
_a
LITERATURA INFANTIL
942
_c
BK
999
_c
187304
_d
187304